000 00694nam a2200229Ia 4500
003 OSt
005 20220923214835.0
006 a|||||r|||| 00| 0
007 ta
008 220922b |||||||| |||| 00| 0 hin d
024 _a173,232
037 _cTextual
040 _aARTS
_cARTS
_bhin
041 _2hin
_ahin
082 _aO152:6b2:5, J5(TTPH)
100 _aतिवारी, रामचन्द्र
245 0 _aहिन्दी का गद्य साहित्य
246 _aHindī kā gadya sāhitya
260 _c1955
942 _hO152:6b2:5, J5(TTPH)
_cTEXL
_2CC
999 _c327139
_d327139